Invisible criticism : Ralph Ellison and the American canon /

Bibliographic Details
Main Author: Nadel, Alan, 1947-
Format: Book
Language:English
Published: Iowa City : University of Iowa Press, 1988.
Edition:1st ed.
Subjects:

MARC

Tag First Indicator Second Indicator Subfields
LEADER 00000cam a2200000 a 4500
001 in00000011389
005 20151007052043.0
008 870819s1988 iau b s00110 eng
010 |a  87025071  
020 |a 0877451907 
035 |a (OCoLC)16717838 
035 |9 AAA6069AM 
040 |a DLC  |c DLC  |d TXA  |d UtOrBLW 
049 |a TXAM  |c [A11483690] 
050 0 0 |a PS3555.L625  |b I5358 1988 
082 0 |a 813/.54  |2 19 
100 1 |a Nadel, Alan,  |d 1947- 
245 1 0 |a Invisible criticism :  |b Ralph Ellison and the American canon /  |c  by Alan Nadel. 
250 |a 1st ed. 
264 1 |a Iowa City :  |b University of Iowa Press,  |c 1988. 
300 |a xiii, 181 pages 
336 |a text  |b txt  |2 rdacontent 
337 |a unmediated  |b n  |2 rdamedia 
338 |a volume  |b nc  |2 rdacarrier 
504 |a Bibliography: pages [163]-172. 
500 |a Includes index. 
600 1 0 |a Ellison, Ralph.  |t Invisible man. 
650 0 |a Canon (Literature) 
999 |a MARS 
999 f f |s 51d97d11-7d5c-35cc-bd00-3e10e794a844  |i c4a11ef3-2df4-3f19-a2c0-9c5df6056a3b  |t 0 
952 f f |p normal  |a Texas A&M University  |b College Station  |c Sterling C. Evans Library  |d Evans: Library Stacks  |t 0  |e PS3555.L625 I5358 1988  |h Library of Congress classification  |i unmediated -- volume  |m A14811483690 
998 f f |a PS3555.L625 I5358 1988  |t 0  |l Evans: Library Stacks